000 01051cam a2200277 i 4500
999 _c2422
_d2422
003 OSt
005 20210709085225.0
008 150324s2009 coua b 001 0deng
020 _a9780982436806 (spiral bound)
020 _a0982436807 (spiral bound)
040 _cDLC
042 _apcc
043 _an-us-co
050 0 0 _aE202
_b.A15 2009
245 0 0 _a100 years of DAR in Morgan County :
_bFort Morgan Chapter, National Society Daughters of the American Revolution, 1909-2009 /
_ccompiled and edited by Marian Murray McClain Robertson.
264 1 _aLoveland, Colorado :
_bMarkei Publishing, LLC,
_c[2009]
300 _a276 pages :
_billustrations ;
_c28 cm
336 _atext
_btxt
_2rdacontent
337 _aunmediated
_bn
_2rdamedia
338 _avolume
_bnc
_2rdacarrier
504 _aIncludes bibliographical references (pages 269-270) and index.
700 3 _aRobertson, Marian Murray McClain.
906 _a7
_bcbc
_corignew
_d2
_encip
_f20
_gy-gencatlg
942 _2lcc
_cBK
_nDO